00340cam a2200133ua 4500020001100000041001000011082001600021100002300037245007500060260004000135300001500175365001100190504000500201 c395.00 aengh a664bFRE/TE aFredrick, Annie . aText book of food and nutrition / cAnnie Fredrick.hTextual Documents aNew Delhi : bLotus Press , c2006. a264 ; e`. a395.00 a